| Tag |
First Indicator |
Second Indicator |
Subfields |
| LEADER |
00000cam a2200000 4500 |
| 001 |
in00000703113 |
| 005 |
20151016051324.0 |
| 008 |
770829s1931 nyua 00010 eng |
| 010 |
|
|
|a 31021768
|
| 035 |
|
|
|a (OCoLC)03227400
|
| 035 |
|
|
|9 ADB0778AM
|
| 040 |
|
|
|a DLC
|c OCP
|d OCL
|d TXA
|d UtOrBLW
|
| 049 |
|
|
|a TXAM
|c [372754]
|
| 050 |
0 |
0 |
|a TF205
|b .A46 1931
|
| 051 |
|
|
|c Copy 2.
|
| 082 |
0 |
|
|a 625.11
|
| 100 |
1 |
|
|a Allen, C. Frank
|q (Calvin Frank),
|d 1851-1948.
|
| 245 |
1 |
0 |
|a Railroad curves and earthwork /
|c by C. Frank Allen ...
|
| 250 |
|
|
|a 7th ed., rev.
|
| 264 |
|
1 |
|a New York,
|a London :
|b McGraw-Hill Book Company, inc.,
|c 1931.
|
| 300 |
|
|
|a xiii, 235 pages :
|b diagrams ;
|c 18 cm.
|
| 336 |
|
|
|a text
|b txt
|2 rdacontent
|
| 337 |
|
|
|a unmediated
|b n
|2 rdamedia
|
| 338 |
|
|
|a volume
|b nc
|2 rdacarrier
|
| 501 |
|
|
|a With this is bound his Field and office tables. 4th ed., rev. New York and London, 1931.
|
| 650 |
|
0 |
|a Railroads
|x Curves and turnouts.
|
| 650 |
|
0 |
|a Railroads
|x Earthwork.
|
| 999 |
|
|
|a MARS
|
| 999 |
f |
f |
|s 84879f93-08de-3f65-9a36-61334e28f4e7
|i 03e05986-d1e0-335a-baa0-673b5f191db0
|t 0
|
| 952 |
f |
f |
|p ric
|a Texas A&M University
|b Rellis Campus
|c Joint Library Facility
|d Remote Storage
|t 0
|e TF205 .A46 1931
|h Library of Congress classification
|i unmediated -- volume
|m A14805391885
|
| 998 |
f |
f |
|a TF205 .A46 1931
|t 0
|l Remote Storage
|